|
|
|
|
| LEADER |
01291nam a2200253 a 4500 |
| 001 |
3070846 |
| 008 |
090602s1998 caua b 001 0 eng d |
| 010 |
|
|
|a 97021087
|
| 020 |
|
|
|a 0787907987 (acid-free paper)
|
| 040 |
|
|
|a DLC
|c DLC
|d DLC
|
| 082 |
0 |
0 |
|a 658.3/124
|2 21
|
| 100 |
1 |
|
|a Bowsher, Jack E.
|
| 245 |
1 |
0 |
|a Revolutionizing workforce performance :
|b a systems approach to mastery /
|c Jack E. Bowsher.
|
| 260 |
|
|
|a San Francisco, Calif. :
|b Jossey-Bass/Pfeiffer,
|c c1998.
|
| 300 |
|
|
|a xx, 300 p. :
|b ill. ;
|c 24 cm.
|
| 504 |
|
|
|a Includes bibliographical references (p. 281-285) and index.
|
| 541 |
1 |
|
|e 00007929
|
| 650 |
|
0 |
|a Performance technology
|z United States.
|
| 650 |
|
0 |
|a Employees
|x Training of
|z United States.
|
| 852 |
4 |
|
|a Ayesha Abed Library
|j General shelf
|
| 999 |
|
|
|c 1249
|d 1249
|
| 952 |
|
|
|0 0
|1 0
|2 ddc
|4 0
|6 658_312400000000000_BOW
|7 0
|9 1134
|a BRACUL
|b BRACUL
|c GEN
|d 2009-06-25
|g 0.00
|l 0
|o 658.3124 BOW
|p 3010007929
|r 2009-06-25
|t 1
|w 2009-06-25
|y BK
|x No price found in the accession register.
|
| 952 |
|
|
|0 0
|1 0
|2 ddc
|4 0
|6 658_312400000000000_BOW
|7 0
|9 14041
|a BRACUL
|b BRACUL
|c GEN
|d 2011-01-22
|l 0
|o 658.3124 BOW
|p 3010007928
|r 2011-01-22
|t 2
|w 2011-01-22
|y BK
|
| 952 |
|
|
|0 0
|1 0
|2 ddc
|4 0
|6 658_312400000000000_BOW
|7 0
|9 43320
|a SCL
|b SCL
|c GEN
|d 2000-12-09
|l 0
|o 658.3124 BOW
|p 3020002985
|r 2014-07-20
|t 3
|w 2014-07-20
|y BK
|